000
00197nam a22000977a 4500
082
_a
621.3815 CHA'F
245
_a
CHATTE, PERVAZ
260
_a
LAHORE
_b
ALHAMRA
_c
1983
300
_a
151P
942
_c
BK
999
_c
580626
_d
580626